[Event "BCF-chT2c 1415 (4NCL)"]
[Site "England"]
[Date "2015.05.04"]
[Round "11.247"]
[White "Parmar, Amisha"]
[Black "Osborne, Marcus E"]
[Result "0-1"]
[WhiteElo "1952"]
[BlackElo "2192"]
[PlyCount "56"]
[EventDate "2015.03.29"]
[EventType "team-tourn"]
[EventRounds "11"]
[EventCountry "ENG"]
[SourceTitle "EXT 2016"]
[Source "ChessBase"]
[SourceDate "2015.10.08"]
[SourceVersion "1"]
[SourceVersionDate "2015.10.08"]
[SourceQuality "1"]
[WhiteTeam "Grantham Sharks II"]
[BlackTeam "Guildford III"]
[WhiteTeamCountry "ENG"]
[BlackTeamCountry "ENG"]

1. d4 e6 2. e4 d5 3. Nc3 Bb4 4. e5 c5 5. a3 Bxc3+ 6. bxc3 Ne7 7. Qg4 0-0 8. Bd3 f5 9. Qh4 Qa5 10. Bd2 Nbc6 11. Nf3 Qa4 12. Ra2 Bd7 13. Ng5 h6 14. Nf3 c4 15. Be2 Be8 16. g4 fxg4 17. Qxg4 Nf5 18. Rg1 Kh8 19. Qh3 Qb5 20. Ra1 Qb2 21. Rc1 Qxa3 22. Ng5 Qe7 23. Bh5 Bxh5 24. Qxh5 Qe8 25. Qh3 Kg8 26. Nf3 Qe7 27. Bxh6 Nxh6 28. Ng5 Rf5 0-1

[Event "BCF-chT2b 1415 (4NCL)"]
[Site "England"]
[Date "2015.01.11"]
[Round "4.12"]
[White "Lewyk, Ihor"]
[Black "Parmar, Amisha"]
[Result "1/2-1/2"]
[WhiteElo "2054"]
[BlackElo "1949"]
[PlyCount "39"]
[EventDate "2014.11.15"]
[EventType "team-tourn"]
[EventRounds "7"]
[EventCountry "ENG"]
[SourceTitle "EXT 2016"]
[Source "ChessBase"]
[SourceDate "2015.10.08"]
[SourceVersion "1"]
[SourceVersionDate "2015.10.08"]
[SourceQuality "1"]
[WhiteTeam "White Rose II"]
[BlackTeam "Grantham Sharks II"]
[WhiteTeamCountry "ENG"]
[BlackTeamCountry "ENG"]

1. Nf3 Nf6 2. d4 g6 3. Bg5 Bg7 4. Nbd2 d5 5. e3 0-0 6. Bd3 c5 7. c3 Nbd7 8. 0-0 h6 9. Bh4 Re8 10. Bb5 g5 11. Bg3 Qa5 12. Qa4 Qxa4 13. Bxa4 Rf8 14. Ne5 Nxe5 15. Bxe5 cxd4 16. exd4 Bf5 17. Rfe1 Rfc8 18. Bb3 e6 19. Rac1 Ne4 20. Bxg7 1/2-1/2

[Event "Wch U16 Girls"]
[Site "Vung Tau"]
[Date "2008.10.30"]
[Round "11"]
[White "Hattingh, Angelique"]
[Black "Parmar, Amisha"]
[Result "1/2-1/2"]
[WhiteElo "1822"]
[BlackElo "1974"]
[PlyCount "41"]
[EventDate "2008.10.20"]
[EventType "swiss"]
[EventRounds "11"]
[EventCountry "VIE"]
[SourceTitle "EXT 2009"]
[Source "ChessBase"]
[SourceDate "2008.11.26"]
[SourceVersion "1"]
[SourceVersionDate "2008.11.26"]
[SourceQuality "1"]

1. e4 c5 2. Nf3 d6 3. d4 cxd4 4. Qxd4 Nc6 5. Bb5 Bd7 6. Bxc6 Bxc6 7. Nc3 Nf6 8. Bg5 e6 9. 0-0-0 Be7 10. Qd3 0-0 11. Nd4 Qa5 12. f4 Rfd8 13. Qe2 Rac8 14. Kb1 a6 15. Nf3 b5 16. e5 dxe5 17. fxe5 Bxf3 18. Qxf3 Nd5 19. Bxe7 Nxe7 20. Rhf1 Nf5 21. g4 1/2-1/2

[Event "BCF-chT 0708 (4NCL)"]
[Site "Sunningdale"]
[Date "2008.03.02"]
[Round "8.8"]
[White "De Coverly, Roger D"]
[Black "Parmar, Amisha"]
[Result "1/2-1/2"]
[WhiteElo "2092"]
[BlackElo "1995"]
[PlyCount "80"]
[EventDate "2007.09.15"]
[EventType "team-tourn"]
[EventRounds "11"]
[EventCountry "ENG"]
[SourceTitle "EXT 2008"]
[Source "ChessBase"]
[SourceDate "2007.11.25"]
[SourceVersion "1"]
[SourceVersionDate "2007.11.25"]
[SourceQuality "1"]
[WhiteTeam "Sambuca Sharks"]
[BlackTeam "Hilsmark Kingfisher"]
[WhiteTeamCountry "ENG"]
[BlackTeamCountry "ENG"]

1. Nf3 Nf6 2. g3 g6 3. Bg2 Bg7 4. c4 0-0 5. Nc3 d6 6. d4 Nbd7 7. 0-0 e5 8. h3 a6 9. dxe5 Nxe5 10. Nxe5 dxe5 11. Qxd8 Rxd8 12. Bg5 Re8 13. Rad1 h6 14. Bc1 c6 15. b3 Bf5 16. e4 Be6 17. f4 exf4 18. e5 f3 19. exf6 fxg2 20. Kxg2 Bf8 21. Bf4 h5 22. Bd6 Rad8 23. c5 Bf5 24. Rfe1 Rxe1 25. Rxe1 Bxd6 26. cxd6 Rxd6 27. Re8+ Kh7 28. Ne4 Bxe4+ 29. Rxe4 Rxf6 30. Re7 b6 31. b4 Kg7 32. Ra7 c5 33. Rxa6 cxb4 34. Ra4 Rc6 35. Rxb4 Rc2+ 36. Kf3 Rxa2 37. Rxb6 Ra3+ 38. Kg2 Ra2+ 39. Kf3 Ra3+ 40. Kg2 Ra2+ 1/2-1/2

[Event "Four Nations"]
[Site "Oslo"]
[Date "2008.02.15"]
[Round "1.10"]
[White "Parmar, Amisha"]
[Black "Frisk, Ellinor"]
[Result "0-1"]
[WhiteElo "1995"]
[BlackElo "2127"]
[PlyCount "62"]
[EventDate "2008.02.15"]
[EventType "team"]
[EventRounds "3"]
[EventCountry "NOR"]
[SourceTitle "CBM 122 Extra"]
[Source "ChessBase"]
[SourceDate "2008.03.04"]
[SourceVersion "1"]
[SourceVersionDate "2008.03.04"]
[SourceQuality "1"]
[WhiteTeam "England"]
[BlackTeam "Sweden"]
[WhiteTeamCountry "ENG"]
[BlackTeamCountry "SWE"]

1. e4 e6 2. d3 c5 3. Nf3 Nc6 4. g3 Nge7 5. Bg2 g6 6. 0-0 Bg7 7. Re1 d6 8. Nbd2 0-0 9. Nf1 Nd4 10. c3 Nxf3+ 11. Bxf3 Nc6 12. Be3 e5 13. Qd2 Be6 14. Bh6 d5 15. Bxg7 Kxg7 16. Qe2 d4 17. Nd2 dxc3 18. bxc3 Qd7 19. Nb3 b6 20. Red1 Rad8 21. Rab1 Qc8 22. Qb2 Rd6 23. Rd2 Rfd8 24. Rbd1 R8d7 25. Be2 Qd8 26. f4 Kg8 27. fxe5 Nxe5 28. d4 Nc4 29. Bxc4 Bxc4 30. e5 Rd5 31. dxc5 Bxb3 0-1

[Event "Wch U16 Girls"]
[Site "Kemer"]
[Date "2007.11.24"]
[Round "7"]
[White "Dincel, Melodi"]
[Black "Parmar, Amisha"]
[Result "1/2-1/2"]
[WhiteElo "1812"]
[BlackElo "2007"]
[PlyCount "55"]
[EventDate "2007.11.18"]
[EventType "swiss"]
[EventRounds "11"]
[EventCountry "TUR"]
[SourceTitle "CBM 121 Extra"]
[Source "ChessBase"]
[SourceDate "2008.01.10"]
[SourceVersion "1"]
[SourceVersionDate "2008.01.10"]
[SourceQuality "1"]

1. c4 e5 2. Nc3 Nf6 3. e4 Bc5 4. g3 Nc6 5. Bg2 d6 6. h3 Be6 7. d3 a6 8. Nge2 Ba7 9. 0-0 Qd7 10. Kh2 h5 11. Nd5 h4 12. Nxf6+ gxf6 13. g4 0-0-0 14. Be3 Rdg8 15. Rb1 Bxe3 16. fxe3 Rg6 17. b4 Ne7 18. b5 a5 19. b6 Kd8 20. bxc7+ Qxc7 21. Qb3 Bc8 22. Qc3 Ke8 23. Kh1 Kf8 24. d4 Kg7 25. d5 Bd7 26. Qb3 Rb8 27. a4 Qc8 28. Bf3 1/2-1/2

[Event "Wch U16 Girls"]
[Site "Kemer"]
[Date "2007.11.22"]
[Round "6"]
[White "Parmar, Amisha"]
[Black "Dobrzenski, Jessica"]
[Result "1/2-1/2"]
[WhiteElo "2007"]
[BlackElo "1945"]
[PlyCount "53"]
[EventDate "2007.11.18"]
[EventType "swiss"]
[EventRounds "11"]
[EventCountry "TUR"]
[SourceTitle "CBM 121 Extra"]
[Source "ChessBase"]
[SourceDate "2008.01.10"]
[SourceVersion "1"]
[SourceVersionDate "2008.01.10"]
[SourceQuality "1"]

1. e4 e5 2. Nf3 Nc6 3. Bb5 a6 4. Ba4 Nf6 5. Qe2 b5 6. Bb3 Bc5 7. c3 d6 8. d3 h6 9. 0-0 0-0 10. Rd1 Bg4 11. h3 Bxf3 12. Qxf3 Kh8 13. g4 Nh7 14. Kh2 Rb8 15. Be3 Qe7 16. Nd2 Nd8 17. d4 exd4 18. cxd4 Bb6 19. Qg2 Ne6 20. Nf1 Qf6 21. Bxe6 fxe6 22. Ng3 Ng5 23. f4 Nf7 24. Rac1 e5 25. dxe5 dxe5 26. Bxb6 Qxb6 27. f5 1/2-1/2

[Event "Wch U16 Girls"]
[Site "Kemer"]
[Date "2007.11.18"]
[Round "1"]
[White "Karagoz, Aydin Baran"]
[Black "Parmar, Amisha"]
[Result "0-1"]
[WhiteElo "1932"]
[BlackElo "2007"]
[PlyCount "82"]
[EventDate "2007.11.18"]
[EventType "swiss"]
[EventRounds "11"]
[EventCountry "TUR"]
[SourceTitle "CBM 121 Extra"]
[Source "ChessBase"]
[SourceDate "2008.01.10"]
[SourceVersion "1"]
[SourceVersionDate "2008.01.10"]
[SourceQuality "1"]

1. e4 c5 2. Nf3 d6 3. d4 cxd4 4. Nxd4 Nf6 5. Nc3 g6 6. Be3 Bg7 7. Be2 0-0 8. 0-0 Nc6 9. Nb3 a6 10. a4 Be6 11. Nd4 Nxd4 12. Bxd4 Rc8 13. Kh1 Qa5 14. f4 Rfe8 15. Qd2 Nxe4 16. Qe3 Bxd4 17. Qxd4 Nxc3 18. bxc3 Qxc3 19. Qxc3 Rxc3 20. Bd3 Bc4 21. Rfd1 Bxd3 22. cxd3 Rec8 23. h3 R8c5 24. Re1 e6 25. Re3 Rd5 26. Rd1 Rd4 27. Re4 Rdxd3 28. Rxd3 Rxd3 29. Rb4 d5 30. Rxb7 Rd4 31. Rb6 Rxa4 32. Kh2 Rxf4 33. Rxa6 d4 34. Ra4 e5 35. Ra1 d3 36. Rd1 Rd4 37. Re1 e4 38. Kg3 f5 39. Kf2 f4 40. g3 e3+ 41. Kf3 e2 0-1

[Event "BCF-chT2 0708 (4NCL)"]
[Site "Sunningdale"]
[Date "2007.11.11"]
[Round "4.5"]
[White "Parmar, Amisha"]
[Black "Flear, Christine"]
[Result "1/2-1/2"]
[WhiteElo "2007"]
[BlackElo "2149"]
[PlyCount "63"]
[EventDate "2007.09.15"]
[EventType "team-tourn"]
[EventRounds "11"]
[EventCountry "ENG"]
[SourceTitle "EXT 2023"]
[Source "ChessBase"]
[SourceDate "2022.10.05"]
[SourceVersion "1"]
[SourceVersionDate "2022.10.05"]
[SourceQuality "1"]
[WhiteTeam "Hilsmark Kingfisher II"]
[BlackTeam "Pride and Prejudice"]
[WhiteTeamCountry "ENG"]
[BlackTeamCountry "ENG"]

1. e4 c5 2. Nf3 e6 3. d4 cxd4 4. Nxd4 a6 5. Bd3 Nf6 6. 0-0 Qc7 7. c4 d6 8. Nc3 g6 9. f4 Bg7 10. Nf3 0-0 11. Qe2 Nbd7 12. Kh1 b6 13. Bd2 Bb7 14. Rae1 Rac8 15. b3 Qb8 16. f5 exf5 17. exf5 Rfe8 18. Qf2 Rxe1 19. Rxe1 Re8 20. fxg6 hxg6 21. h3 Bxf3 22. Qxf3 Ne5 23. Qf1 Nh5 24. Kh2 d5 25. Kg1 Ng3 26. Qf2 Nxd3 27. Rxe8+ Qxe8 28. Qxg3 dxc4 29. bxc4 Bd4+ 30. Kf1 Ne5 31. Qf4 Nc6 32. Nd5 1/2-1/2

[Event "EU-ch U16 Girls 17th"]
[Site "Sibenik"]
[Date "2007.09.18"]
[Round "5"]
[White "Parmar, Amisha"]
[Black "Shlakich, Anna"]
[Result "0-1"]
[WhiteElo "2011"]
[BlackElo "2169"]
[PlyCount "84"]
[EventDate "2007.09.14"]
[EventType "swiss"]
[EventRounds "9"]
[EventCountry "CRO"]
[SourceTitle "CBM 120 Extra"]
[Source "ChessBase"]
[SourceDate "2007.11.01"]
[SourceVersion "1"]
[SourceVersionDate "2007.11.01"]
[SourceQuality "1"]

1. e4 c5 2. Nf3 e6 3. d4 cxd4 4. Nxd4 Nc6 5. Nxc6 bxc6 6. c4 Nf6 7. Bd3 e5 8. Nc3 Bc5 9. 0-0 h6 10. Qe2 0-0 11. Be3 Qe7 12. Rae1 Re8 13. Na4 Bxe3 14. Qxe3 d6 15. h3 Nh5 16. Nc3 Qh4 17. Ne2 g5 18. g4 Nf4 19. Nxf4 gxf4 20. Qf3 h5 21. Be2 Kh8 22. Qg2 Rg8 23. f3 d5 24. cxd5 cxd5 25. exd5 f5 26. Qf2 Qxh3 27. Qh2 Qxh2+ 28. Kxh2 fxg4 29. fxg4 hxg4 30. Bd1 Rg5 31. Re4 Kg7 32. d6 Bb7 33. Rfxf4 Bxe4 34. Rxe4 Rd8 35. Be2 g3+ 36. Kg2 Rxd6 37. Bf3 Rd2+ 38. Re2 Rxe2+ 39. Bxe2 e4 40. b4 Kf6 41. a4 Ke5 42. a5 Kf4 0-1

[Event "World ol U16 06th"]
[Site "Singapore"]
[Date "2007.08.11"]
[Round "9"]
[White "Parmar, Amisha"]
[Black "Firat, Burak"]
[Result "0-1"]
[WhiteElo "2011"]
[BlackElo "2113"]
[PlyCount "54"]
[EventDate "2007.08.05"]
[EventType "team-swiss"]
[EventRounds "10"]
[EventCountry "SIN"]
[SourceTitle "EXT 2008"]
[Source "ChessBase"]
[SourceDate "2007.11.25"]
[SourceVersion "1"]
[SourceVersionDate "2007.11.25"]
[SourceQuality "1"]

1. e4 c5 2. Nf3 Nc6 3. d4 cxd4 4. Nxd4 Nf6 5. Nc3 e5 6. Ndb5 d6 7. Bg5 a6 8. Na3 b5 9. Nd5 Be7 10. Bxf6 Bxf6 11. c3 Bg5 12. Nc2 Ne7 13. h4 Bh6 14. a4 bxa4 15. Ncb4 0-0 16. Qxa4 a5 17. Nxe7+ Qxe7 18. Nd5 Qb7 19. Bb5 Rb8 20. c4 f5 21. 0-0 fxe4 22. Qxa5 Be6 23. Nc7 Bf7 24. Rfd1 e3 25. Rxd6 exf2+ 26. Kf1 Qe4 27. Nd5 Qd3+ 0-1

[Event "World ol U16 06th"]
[Site "Singapore"]
[Date "2007.08.07"]
[Round "5"]
[White "Parmar, Amisha"]
[Black "Chua, Xing Jian Graham"]
[Result "1/2-1/2"]
[WhiteElo "2011"]
[BlackElo "2047"]
[PlyCount "51"]
[EventDate "2007.08.05"]
[EventType "team-swiss"]
[EventRounds "10"]
[EventCountry "SIN"]
[SourceTitle "EXT 2008"]
[Source "ChessBase"]
[SourceDate "2007.11.25"]
[SourceVersion "1"]
[SourceVersionDate "2007.11.25"]
[SourceQuality "1"]

1. e4 c5 2. Nf3 Nc6 3. d4 cxd4 4. Nxd4 e5 5. Nb5 d6 6. N1c3 a6 7. Na3 b5 8. Nd5 Nf6 9. Bg5 Be7 10. Bxf6 Bxf6 11. c3 0-0 12. Nc2 Bg5 13. Be2 Rb8 14. 0-0 Be6 15. Nce3 Bxe3 16. Nxe3 Ne7 17. Nd5 Nxd5 18. exd5 Bd7 19. Qd2 Qb6 20. Kh1 f5 21. f4 e4 22. b3 Rfe8 23. Rfd1 Rec8 24. c4 bxc4 25. Bxc4 Rb7 26. a4 1/2-1/2

[Event "BCF-chT2 0607 (4NCL)"]
[Site "Sunningdale"]
[Date "2007.03.03"]
[Round "7.7"]
[White "Parmar, Amisha"]
[Black "Shepley, Julien M"]
[Result "1/2-1/2"]
[WhiteElo "1979"]
[BlackElo "2116"]
[PlyCount "43"]
[EventDate "2006.09.16"]
[EventType "team"]
[EventRounds "11"]
[EventCountry "ENG"]
[SourceTitle "EXT 2008"]
[Source "ChessBase"]
[SourceDate "2007.11.25"]
[SourceVersion "1"]
[SourceVersionDate "2007.11.25"]
[SourceQuality "1"]
[WhiteTeam "Hilsmark Kingfisher II"]
[BlackTeam "Guildford III"]
[WhiteTeamCountry "ENG"]
[BlackTeamCountry "ENG"]

1. e4 c6 2. Nf3 d6 3. d4 Qc7 4. Nc3 e5 5. Bc4 h6 6. a4 a5 7. Be3 Nf6 8. h3 Nbd7 9. 0-0 Be7 10. Qe2 Nf8 11. Ne1 g5 12. f3 Ng6 13. Nd3 Rg8 14. dxe5 dxe5 15. Qf2 Nf4 16. Bb6 Qb8 17. Kh2 h5 18. Nxf4 gxf4 19. Bc5 Ng4+ 20. fxg4 hxg4 21. Qe2 Bxc5 22. Bxf7+ 1/2-1/2

[Event "Hastings Masters op 82nd"]
[Site "Hastings"]
[Date "2006.12.31"]
[Round "4"]
[White "Parmar, Amisha"]
[Black "Ashton, Adam"]
[Result "0-1"]
[WhiteElo "1981"]
[BlackElo "2304"]
[PlyCount "64"]
[EventDate "2006.12.28"]
[EventType "swiss"]
[EventRounds "9"]
[EventCountry "ENG"]
[SourceTitle "CBM 116 Extra"]
[Source "ChessBase"]
[SourceDate "2007.03.07"]
[SourceVersion "1"]
[SourceVersionDate "2007.03.07"]
[SourceQuality "1"]

1. e4 e5 2. Nf3 Nc6 3. Bb5 a6 4. Ba4 Nf6 5. 0-0 Bc5 6. Qe2 b5 7. Bb3 d6 8. c3 Bg4 9. h3 Bh5 10. d3 h6 11. Be3 Bxe3 12. Qxe3 0-0 13. Nbd2 Na5 14. Bc2 c5 15. Qe2 Re8 16. Rfd1 d5 17. Nf1 Nc6 18. g4 Bg6 19. Ng3 d4 20. Rac1 Nh7 21. Nxe5 Nxe5 22. f4 Nc6 23. f5 Qh4 24. Qg2 Ng5 25. fxg6 Nxh3+ 26. Kf1 fxg6 27. Bb3+ Kh7 28. Ke1 Rf8 29. Bd5 Rf2 30. Qxf2 Nxf2 31. Kxf2 Qh2+ 32. Kf1 Qxg3 0-1

[Event "EU-ch U14 Girls"]
[Site "Herceg Novi"]
[Date "2006.09.16"]
[Round "6"]
[White "Butuc, Maria"]
[Black "Parmar, Amisha"]
[Result "1-0"]
[WhiteElo "2008"]
[BlackElo "1971"]
[PlyCount "97"]
[EventDate "2006.09.10"]
[EventType "swiss"]
[EventRounds "9"]
[EventCountry "MNE"]
[SourceTitle "CBM 114 Extra"]
[Source "ChessBase"]
[SourceDate "2006.11.03"]
[SourceVersion "1"]
[SourceVersionDate "2006.11.03"]
[SourceQuality "1"]

1. e4 c5 2. Nf3 d6 3. Bb5+ Bd7 4. Bxd7+ Qxd7 5. 0-0 Nc6 6. c4 Nf6 7. Nc3 e6 8. d4 cxd4 9. Nxd4 Be7 10. Be3 0-0 11. Nc2 Rfd8 12. Qe2 Rac8 13. Rad1 b6 14. f4 Qb7 15. b3 Na5 16. Bd4 Nc6 17. Bf2 Nb8 18. Qf3 a6 19. Nd4 e5 20. Nf5 Bf8 21. Nd5 Nxd5 22. Rxd5 g6 23. Ne3 Nc6 24. Ng4 Bg7 25. fxe5 Nxe5 26. Nxe5 Bxe5 27. Bh4 Re8 28. Qd3 Re6 29. Bf2 Re7 30. Bd4 Rc6 31. Bxe5 dxe5 32. Rd6 Rxd6 33. Qxd6 Rd7 34. Qxe5 Re7 35. Qd5 Qc7 36. Rd1 Re8 37. Qd6 Qb7 38. e5 Re6 39. Qd5 Qe7 40. Qd8+ Qxd8 41. Rxd8+ Kg7 42. Rd6 Rxe5 43. Rxb6 Ra5 44. a4 h5 45. Rd6 g5 46. Kf2 f5 47. Ke3 Re5+ 48. Kd2 a5 49. Rb6 1-0

[Event "BCF-chT3 0506 (4NCL)"]
[Site "Birmingham"]
[Date "2006.05.01"]
[Round "11.8"]
[White "Parmar, Amisha"]
[Black "Owens, Megan R"]
[Result "1-0"]
[WhiteElo "1956"]
[BlackElo "1645"]
[PlyCount "87"]
[EventDate "2005.10.22"]
[EventType "team"]
[EventRounds "11"]
[EventCountry "ENG"]
[SourceTitle "EXT 2007"]
[Source "ChessBase"]
[SourceDate "2006.11.23"]
[SourceVersion "1"]
[SourceVersionDate "2006.11.23"]
[SourceQuality "1"]
[WhiteTeam "Hilsmark Kingfisher II"]
[BlackTeam "Bristol II"]
[WhiteTeamCountry "ENG"]
[BlackTeamCountry "ENG"]

1. e4 c5 2. Nf3 a6 3. c4 e6 4. Nc3 b6 5. d4 cxd4 6. Nxd4 Bb7 7. Bd3 d6 8. 0-0 Nf6 9. f4 Nbd7 10. Nc2 Nc5 11. Qe2 Be7 12. f5 0-0 13. b4 Nxd3 14. Qxd3 d5 15. e5 Ne4 16. Nxe4 dxe4 17. Qg3 Qd3 18. Ne3 Kh8 19. Rd1 Qc3 20. Bd2 Qa3 21. Rab1 exf5 22. Rb3 f4 23. Qxg7+ Kxg7 24. Nf5+ Kh8 25. Rxa3 Bd8 26. Bxf4 Bc8 27. Nd6 Be6 28. Re3 Rg8 29. Rxe4 Bg4 30. Nxf7+ Kg7 31. Rxd8 Raxd8 32. Nxd8 Rxd8 33. Bh6+ Kxh6 34. Rxg4 Rd1+ 35. Kf2 Rd2+ 36. Ke3 Rxa2 37. e6 Ra1 38. Ke4 Re1+ 39. Kd5 a5 40. bxa5 bxa5 41. c5 Kh5 42. Re4 Rxe4 43. Kxe4 Kg6 44. c6 1-0

[Event "BCF-chT3 0506 (4NCL)"]
[Site "Birmingham"]
[Date "2006.04.30"]
[Round "10.8"]
[White "Evans, Helen I"]
[Black "Parmar, Amisha"]
[Result "0-1"]
[WhiteElo "1725"]
[BlackElo "1956"]
[PlyCount "126"]
[EventDate "2005.10.22"]
[EventType "team"]
[EventRounds "11"]
[EventCountry "ENG"]
[SourceTitle "EXT 2007"]
[Source "ChessBase"]
[SourceDate "2006.11.23"]
[SourceVersion "1"]
[SourceVersionDate "2006.11.23"]
[SourceQuality "1"]
[WhiteTeam "FCA Solutions"]
[BlackTeam "Hilsmark Kingfisher II"]
[WhiteTeamCountry "ENG"]
[BlackTeamCountry "ENG"]

1. d4 Nf6 2. Bf4 g6 3. e3 Bg7 4. Be2 0-0 5. Nf3 c5 6. c3 b6 7. a4 d5 8. 0-0 Nc6 9. h3 Nd7 10. Bb5 Bb7 11. Bh2 a6 12. Be2 e5 13. Na3 e4 14. Nd2 f5 15. f3 cxd4 16. cxd4 Qe7 17. Nc2 Nb4 18. Nxb4 Qxb4 19. fxe4 fxe4 20. Bf4 b5 21. axb5 axb5 22. Rxa8 Rxa8 23. Bg4 Nb6 24. Nb3 Ra2 25. Nc5 Qxb2 26. Be2 Qxe2 27. Qxe2 Rxe2 28. Nxb7 Nc4 29. Rb1 Nxe3 30. Bxe3 Rxe3 31. Rxb5 Bxd4 32. Kf1 Bc3 33. Rxd5 Re1+ 34. Kf2 e3+ 35. Kf3 Bd2 36. Nc5 Rf1+ 37. Ke2 Rf2+ 38. Kd3 Rxg2 39. Re5 Rg3 40. Ne4 Rxh3 41. Nxd2 exd2+ 42. Kxd2 Rf3 43. Ke2 Rf5 44. Re7 Rf7 45. Re5 Kg7 46. Ke3 h5 47. Re4 g5 48. Re6 Rf6 49. Re7+ Kg6 50. Re8 Kf7 51. Rh8 h4 52. Rh5 Kg6 53. Rh8 Rf7 54. Rg8+ Kh5 55. Rh8+ Kg4 56. Ra8 Rf3+ 57. Ke4 Rf4+ 58. Ke5 h3 59. Rh8 Rf1 60. Ke4 Kg3 61. Rg8 g4 62. Ra8 h2 63. Ra3+ Kg2 0-1

[Event "Southend op-A"]
[Site "Southend"]
[Date "2006.04.14"]
[Round "1"]
[White "Parmar, Amisha"]
[Black "Cullen, Anthony P"]
[Result "1/2-1/2"]
[WhiteElo "1956"]
[BlackElo "2206"]
[PlyCount "59"]
[EventDate "2006.04.14"]
[EventType "swiss"]
[EventRounds "7"]
[EventCountry "ENG"]
[SourceTitle "EXT 2007"]
[Source "ChessBase"]
[SourceDate "2006.11.23"]
[SourceVersion "1"]
[SourceVersionDate "2006.11.23"]
[SourceQuality "1"]

1. e4 c6 2. d4 d5 3. Nc3 dxe4 4. Nxe4 Bf5 5. Ng3 Bg6 6. h4 h6 7. Nf3 Nd7 8. h5 Bh7 9. Bd3 Bxd3 10. Qxd3 e6 11. Bf4 Qa5+ 12. Bd2 Qc7 13. 0-0-0 Ngf6 14. Ne4 Nxe4 15. Qxe4 Nf6 16. Qe2 0-0-0 17. g3 Kb8 18. c4 Ka8 19. Bc3 Be7 20. Ne5 Rhf8 21. Rhe1 c5 22. dxc5 Bxc5 23. Kb1 a6 24. f4 Rfe8 25. b3 Qe7 26. Rf1 Rd6 27. Rxd6 Bxd6 28. Rd1 Rd8 29. Ba5 Rc8 30. Bc3 1/2-1/2

[Event "BCF-chT3 0506 (4NCL)"]
[Site "Birmingham"]
[Date "2005.11.20"]
[Round "4.8"]
[White "Parmar, Amisha"]
[Black "Almond, Richard"]
[Result "1/2-1/2"]
[WhiteElo "1960"]
[BlackElo "2096"]
[PlyCount "49"]
[EventDate "2005.10.22"]
[EventType "team"]
[EventRounds "11"]
[EventCountry "ENG"]
[SourceTitle "EXT 2007"]
[Source "ChessBase"]
[SourceDate "2006.11.23"]
[SourceVersion "1"]
[SourceVersionDate "2006.11.23"]
[SourceQuality "1"]
[WhiteTeam "Hilsmark Kingfisher II"]
[BlackTeam "Mindsports"]
[WhiteTeamCountry "ENG"]
[BlackTeamCountry "ENG"]

1. e4 d5 2. exd5 Qxd5 3. Nf3 Bg4 4. Be2 Nc6 5. 0-0 0-0-0 6. c4 Qd7 7. h3 Bf5 8. a3 Nf6 9. b4 g5 10. b5 Nd4 11. Nxd4 Qxd4 12. Ra2 Bd3 13. Bxd3 Qxd3 14. Qc2 Ne4 15. Qxd3 Rxd3 16. Re1 Nc5 17. Re3 f6 18. Bb2 e5 19. Kf1 Be7 20. Ke2 Rhd8 21. Bc3 e4 22. g4 Nb3 23. Rc2 Nd4+ 24. Bxd4 R8xd4 25. Rxe4 1/2-1/2